El Gremio de Curtidores de Castellón (Record no. 131435)

MARC details
000 -LEADER
campo de control de longitud fija 00749nam a2200205 4500
001 - NÚMERO DE CONTROL
campo de control 131435
003 - IDENTIFICADOR DE NÚMERO DE CONTROL
campo de control ES-MaACL
005 - FECHA Y HORA DE LA ÚLTIMA TRANSACCIÓN
campo de control 20250902111732.0
007 - CAMPO FIJO DE DESCRIPCIÓN FÍSICA--INFORMACIÓN GENERAL
campo de control de longitud fija t|
008 - DATOS DE LONGITUD FIJA--INFORMACIÓN GENERAL
campo de control de longitud fija 070214s1950 sp r ||||1| spa d
100 1# - ENTRADA PRINCIPAL--NOMBRE DE PERSONA
Nombre de persona Roca Traver, Francisco A.
9 (RLIN) 98015
245 13 - MENCIÓN DEL TÍTULO
Título El Gremio de Curtidores de Castellón
Resto del título : unas Ordenanzas desconocidas del siglo XIV /
Mención de responsabilidad, etc. Francisco A. Roca Traver.
260 ## - PUBLICACIÓN, DISTRIBUCIÓN, ETC.
Lugar de publicación, distribución, etc. Castellón de la Plana :
Nombre del editor, distribuidor, etc. Sociedad Castellonense de Cultura,
Fecha de publicación, distribución, etc. 1950.
300 ## - DESCRIPCIÓN FÍSICA
Extensión 27 p. ;
Dimensiones 21 cm.
490 1# - MENCIÓN DE SERIE
Mención de serie Obras de investigación histórica ;
Designación de volumen o secuencia 29
710 2# - ENTRADA AGREGADA--NOMBRE DE ENTIDAD CORPORATIVA
Nombre de entidad corporativa o nombre de jurisdicción como elemento de entrada Sociedad Castellonense de Cultura
9 (RLIN) 6649
830 0# - PUNTO DE ACCESO ADICIONAL DE SERIE-TÍTULO UNIFORME
Título uniforme Obras de investigación histórica ;
Designación de volumen o secuencia 29
9 (RLIN) 184578
852 ## - LOCALIZACIÓN
Ubicación ES-MaACL
Número de control de estantería 1924-F-7
Sublocalización o colección R.30253
Holdings
Estatus retirado Estado de pérdida Estado de daño No para préstamo Colección Biblioteca de origen Biblioteca actual Ubicación en estantería Fecha de adquisición Fuente de adquisición Total de préstamos Signatura topográfica completa Código de barras Visto por última vez Precio de reemplazo Tipo de ítem Koha
        Colección de folletos Biblioteca del Ateneo de Madrid Biblioteca del Ateneo de Madrid Depósito folletos 17/01/2008     1924-F-7 1136833 23/02/2023 23/02/2023 Folleto